Catàleg del Col·legi de Periodistes de Catalunya

Cinco humoristas de hoy (Registre núm. 7435)

000 -CABECERA
Campo de control de longitud fija 00606nam a22002057a 4500
005 - FECHA Y HORA DE LA ÚLTIMA TRANSACCIÓN
Campo de control 20211124132019.0
008 - CAMPO FIJO DE DESCRIPCIÓN FIJA--INFORMACIÓN GENERAL
Campo de control de longitud fija 211124b ||||| |||| 00| 0 eng d
020 ## - ISBN (INTERNATIONAL STANDARD BOOK NUMBER)
ISBN 8429709843
040 ## - FUENTE DE CATALOGACIÓN
Agencia de catalogación original CDMR
245 ## - MENCIÓN DE TÍTULO
Título Cinco humoristas de hoy
Parte restante del título : Cesc, Chumy Chumez, Forges, Perich, Summers
260 ## - PUBLICACIÓN, DISTRIBUCIÓN, ETC (PIE DE IMPRENTA)
Lugar de publicación, distribución, etc. Barcelona:
Nombre del editor, distribuidor, etc. Edicions 62,
Fecha de publicación, distribución, etc. 1974
300 ## - DESCRIPCIÓN FÍSICA
Extensión [ca. 260] p. :
Otros detalles físicos tot il.;
Dimensiones 26 cm
600 10 - ASIENTO SECUNDARIO DE MATERIA--NOMBRE PERSONAL
9 (RLIN) 122
Nombre de persona Cesc
600 10 - ASIENTO SECUNDARIO DE MATERIA--NOMBRE PERSONAL
9 (RLIN) 2681
Nombre de persona Chumez, Chumy
600 10 - ASIENTO SECUNDARIO DE MATERIA--NOMBRE PERSONAL
9 (RLIN) 765
Nombre de persona Forges
600 10 - ASIENTO SECUNDARIO DE MATERIA--NOMBRE PERSONAL
9 (RLIN) 220
Nombre de persona Perich
Forma más completa del nombre Perich, Jaime
600 #0 - ASIENTO SECUNDARIO DE MATERIA--NOMBRE PERSONAL
9 (RLIN) 4736
Nombre de persona Summers
650 #0 - ASIENTO SECUNDARIO DE MATERIA--TÉRMINO DE MATERIA
9 (RLIN) 3084
Nombre de materia o nombre geográfico como elemento de entrada Humorisme gràfic
Subdivisión geográfica Espanya
942 ## - ELEMENTOS KOHA
Fuente de clasificación o esquema de ordenación en estanterías
Koha tipo de item Monografies
Fons
Suprimido Perdido Estropeado No se presta Koha Colección Localización (Biblioteca) Sublocalización o Colección (subbiblioteca) Fecha de adquisición Koha préstamos (veces que ha sido prestado) Koha signatura completa Designación de pieza (código de barras) Koha Fecha de último uso Precio Koha tipo de item Fuente de clasificación o esquema de ordenación en estanterías Fuente de adquisición Coste, precio normal de compra
        Narcís-Jordi Aragó CPC Girona CPC Girona 2010-12-03   Gb 735 GIRONA1311613104 2013-01-16 2013-01-16 Monografies      
          Centre de Documentació Montserrat Roig Centre de Documentació Montserrat Roig 2021-11-24   Di 5/45 CDMR21110051 2021-11-24 2021-11-24 Monografies   Donació 15.00

Implantat amb Koha